Language and myth / (Record no. 543461)

000 -LEADER
fixed length control field 00640cam a2200193 i 4500
020 ## - INTERNATIONAL STANDARD BOOK NUMBER
International Standard Book Number 0486200515
100 1# - MAIN ENTRY--PERSONAL NAME
Personal name Cassirer, Ernst,
9 (RLIN) 38827
245 10 - TITLE STATEMENT
Title Language and myth /
Statement of responsibility, etc. Ernst Cassirer
260 ## - PUBLICATION, DISTRIBUTION, ETC.
Place of publication, distribution, etc. New York :
Name of publisher, distributor, etc. Dover Publications,
Date of publication, distribution, etc. 1953, c1946.
300 ## - PHYSICAL DESCRIPTION
Extent 103 p. ;
Dimensions 21 cm.
500 ## - GENERAL NOTE
General note "Originally published in German as Number VI of the 'Studien der Bibliothek Warburg,' under the editorship of Fritz Saxl."
500 ## - GENERAL NOTE
General note Publisher on spine: Peter Smith.
526 ## - STUDY PROGRAM INFORMATION NOTE
Program name 0
Interest level 0
Reading level 0
650 #0 - SUBJECT ADDED ENTRY--TOPICAL TERM
Topical term or geographic name entry element Ethnopsychology.
9 (RLIN) 38828
650 #0 - SUBJECT ADDED ENTRY--TOPICAL TERM
Topical term or geographic name entry element MCE
9 (RLIN) 379
650 #0 - SUBJECT ADDED ENTRY--TOPICAL TERM
Topical term or geographic name entry element Mythology.
9 (RLIN) 38829
650 #0 - SUBJECT ADDED ENTRY--TOPICAL TERM
Topical term or geographic name entry element Religion.
9 (RLIN) 5800
942 ## - ADDED ENTRY ELEMENTS (KOHA)
Source of classification or shelving scheme
Koha item type Book
Holdings
Withdrawn status Lost status Source of classification or shelving scheme Damaged status Not for loan Permanent Location Current Location Date acquired Total Checkouts Barcode Date last seen Price effective from Koha item type
          Military College of Engineering (MCE) Military College of Engineering (MCE) 03/25/2014   MCE-44832 03/25/2014 03/25/2014 Book
© 2023 Central Library, National University of Sciences and Technology. All Rights Reserved.